000 00238nam a2200097Ia 4500
008 230508s1994 xx 000 0 und d
041 _aeng
100 _aMICROSOFT.
245 _aMICROSOFT WINDOWS 3:1 GUIDE TO PROGRAMMERS.
260 _c1994
999 _c320178
_d320178